000 00797nam a22002177a 4500
999 _c8423
_d8423
003 AR-CdUCM
008 190325b ||||| |||| 00| 0 spa d
040 _aMUNICIPALIDAD PROVINCIAL DEL CUSCO
_cBIBLIOTECA MUNICIPAL DEL CUSCO
082 _a549.13 /
_bR88
100 _aRoyo y Gomez, Jose
_923643
245 _aMineralogía :
_bPara la determinación de las especies mas comunes /
260 _aSantander :
_bAldus,
_c1928.
300 _a52 páginas ;
_c19 cm.
505 _aContenido : Introducción preliminares -- Ensayos por la vía seca -- Ensayos por la vía húmeda -- Clave para determinar minerales ...
650 _aMineralogía
_923644
650 _aEnsayos
_9375
650 _aMinerales
_919427
700 _aOrestes Cendrero, Curiel
_923645
942 _2ddc
_cLIBROS
945 _arah